Chamber of Secrets Opening (pt. 3) Quiz Stats

Quiz not verified by Sporcle

Also try: Famous Epic Poems
Challenge
Share
Tweet
Embed
Score 0/259 Timer 20:00
0 Plays Today
Text % Correct
Harry
100%
Harry
100%
Harry
100%
Harry
100%
Harry
100%
was
98.1%
a
98.1%
a
98.1%
was
98.1%
was
98.1%
a
98.1%
a
98.1%
was
98.1%
a
98.1%
a
98.1%
was
98.1%
a
98.1%
Potter
96.2%
the
96.2%
the
96.2%
the
96.2%
the
96.2%
the
96.2%
the
96.2%
the
96.2%
the
96.2%
the
96.2%
the
96.2%
the
96.2%
the
96.2%
the
96.2%
the
96.2%
the
96.2%
the
96.2%
the
96.2%
The
96.2%
the
96.2%
the
96.2%
and
94.2%
And
94.2%
and
94.2%
and
94.2%
and
94.2%
and
94.2%
and
94.2%
of
92.3%
to
92.3%
it
92.3%
to
92.3%
He
92.3%
it
92.3%
He
92.3%
in
92.3%
in
92.3%
in
92.3%
in
92.3%
to
92.3%
in
92.3%
in
92.3%
in
92.3%
he
92.3%
it
92.3%
to
92.3%
to
92.3%
of
92.3%
of
92.3%
in
92.3%
in
92.3%
of
92.3%
in
92.3%
to
92.3%
to
92.3%
in
92.3%
wizard-
90.4%
wizard
90.4%
his
90.4%
his
90.4%
his
90.4%
his
90.4%
on
90.4%
his
90.4%
his
90.4%
on
90.4%
his
90.4%
wizard
90.4%
with
88.5%
Uncle
88.5%
Text % Correct
Vernon
88.5%
Uncle
88.5%
Vernon
88.5%
at
86.5%
Hogwarts
86.5%
School
86.5%
Hogwarts
86.5%
not
86.5%
school
86.5%
Witchcraft
84.6%
Wizardry.
84.6%
had
84.6%
had
84.6%
had
84.6%
from
82.7%
if
82.7%
for
82.7%
What
82.7%
if
82.7%
What
82.7%
if
82.7%
what
82.7%
as
82.7%
as
82.7%
her
82.7%
her
82.7%
from
82.7%
year
80.8%
Dursleys
80.8%
like
80.8%
home.
80.8%
Dursleys
80.8%
Dursleys
80.8%
Dursleys
80.8%
him
78.8%
how
78.8%
by
78.8%
All
78.8%
by
78.8%
all
78.8%
(not
78.8%
were
76.9%
missed
76.9%
so
76.9%
much
76.9%
missed
76.9%
did
76.9%
summer
76.9%
were
76.9%
were
76.9%
first
75%
owl,
75%
under
75%
owl,
75%
have
73.1%
been
73.1%
locked
73.1%
cupboard
73.1%
stairs
73.1%
House
73.1%
their
73.1%
its
71.2%
care
71.2%
went
71.2%
they
71.2%
family
71.2%
wand,
69.2%
cage,
69.2%
back
67.3%
world
67.3%
back
67.3%
any
67.3%
Hedwig,
67.3%
world.
67.3%
bed
65.4%
most
65.4%
come
65.4%
without
65.4%
having
63.5%
wizarding
63.5%
place
63.5%
done?
63.5%
having
63.5%
wizarding
63.5%
holidays,
61.5%
nothing
61.5%
Great
61.5%
Text % Correct
Hall,
61.5%
homework
61.5%
felt.
59.6%
Quidditch,
59.6%
Harry's
59.6%
Quidditch
59.6%
because
59.6%
called
59.6%
even
59.6%
Harry's
59.6%
sport
57.7%
broomstick
57.7%
team
57.7%
Muggles
57.7%
magical
57.7%
Hagrid,
55.8%
Two
55.8%
lost
55.8%
classes
53.8%
Snape,
53.8%
four
53.8%
wizards
53.8%
fresh
51.9%
castle,
51.9%
Potions
51.9%
tower
51.9%
hadn't
51.9%
blood
50%
stop
50%
popular
48.1%
drop
48.1%
veins),
48.1%
inside
48.1%
practiced
46.2%
unhappy
44.2%
mail
44.2%
grounds,
44.2%
flying
44.2%
balls,
44.2%
constant
42.3%
sleeping
42.3%
far
42.3%
matter
42.3%
shame.
42.3%
order
42.3%
eating
40.4%
players
40.4%
instant
40.4%
concerned,
40.4%
anyone
40.4%
stomachache.
38.5%
four-poster
38.5%
Forbidden
38.5%
Forest
38.5%
broomsticks).
38.5%
fourteen
36.5%
spellbooks,
36.5%
robes,
36.5%
Thousand
36.5%
else
36.5%
gamekeeper,
34.6%
next
34.6%
Nimbus
34.6%
messages
34.6%
dormitory,
32.7%
visiting
32.7%
carrying
32.7%
secret
30.8%
perhaps
30.8%
(six
30.8%
goal
30.8%
padlocked
30.8%
ghosts,
28.8%
especially,
28.8%
tall
26.9%
posts,
26.9%
cauldron,
26.9%
passageways
23.1%
arriving
23.1%
deepest
23.1%
cabin
21.2%
(though
13.5%
master),
13.5%
banquets
13.5%
top-of-the-line
11.5%

You're not logged in!

Compare scores with friends on all Sporcle quizzes.
Join for Free
OR
Log In

You Might Also Like...

Show Comments

Extras

Top Quizzes Today


Score Distribution

Your Account Isn't Verified!

In order to create a playlist on Sporcle, you need to verify the email address you used during registration. Go to your Sporcle Settings to finish the process.

Report this User

Report this user for behavior that violates our Community Guidelines.

Details: